| 000 | 00790nam a2200253Ia 4500 | ||
|---|---|---|---|
| 003 | GCL | ||
| 008 | 140319s9999 xx 000 0 ara d | ||
| 040 |
_aGCL / _cGCL |
||
| 082 | 0 | 4 |
_a810.99612 _bا ح |
| 100 | 1 | _aانيس الابيض | |
| 245 | 1 | 0 |
_aالحياة العلمية ومراكز العلم فى طرابلس: خلال القرن التاسع عشر / _cانيس الابيض |
| 260 |
_a[S.N] : _bمنشورات جروس برس |
||
| 300 | _a359 ص | ||
| 490 | _a | ||
| 650 | 0 | 4 | _aالشعر العربى |
| 650 | 0 | 4 | _aالادب العربى |
| 650 | 0 | 4 | _aالنثر العربى |
| 650 | 0 | 4 | _aاللغة العربية |
| 650 | 0 | 4 | _aالتراجم |
| 650 | 0 | 4 | _aطرابلس |
| 650 | 0 | 4 | _aتاريخ ونقد |
| 650 | 0 | 4 | _aالمجموعات |
| 942 |
_2ddc _cBK |
||
| 999 |
_c33345 _d33345 |
||